Kto urobí prognózy?

Úrad pre stratégiu rozvoja spoločnosti, vedy a techniky v reštrukturalizácii. Problémy a účelnosť tejto inštitúcie.

Enregistré dans:
Détails bibliographiques
Auteur principal: Fidrmuc, Jaroslav
Format: Chapitre de livre
Langue:slovaque
Sujets:
Tags: Ajouter un tag
Pas de tags, Soyez le premier à ajouter un tag!

MARC

LEADER 00000naa a2200000 4500
001 r033902
005 20230919123811.5
041 0 |a slo 
044 |a SK 
245 1 0 |a Kto urobí prognózy?  |c Jaroslav Fidrmuc 
520 |a Úrad pre stratégiu rozvoja spoločnosti, vedy a techniky v reštrukturalizácii. Problémy a účelnosť tejto inštitúcie. 
610 2 0 |a stratégia hospodárska 
610 2 0 |a úrady 
610 2 0 |a rozvoj regionálny 
610 2 0 |a reštrukturalizácia 
100 1 |a Fidrmuc, Jaroslav